| 000 | 01477nam a2200409 i 4500 | ||
|---|---|---|---|
| 001 | 5364 | ||
| 003 | KOSZ 005 | ||
| 005 | 20220322101340.0 | ||
| 008 | 970513s1992 pl a f f |000 0 pol | ||
| 015 | _aPB 1992/7540 | ||
| 020 | _a8320413060 | ||
| 040 |
_aWA N _cWA N _dKOSZ 005/HR |
||
| 046 | _k1992 | ||
| 080 | _a62-8 | ||
| 080 | _a621.51/.54 | ||
| 080 | _a681.5 | ||
| 080 | _a(075.8) | ||
| 100 | 1 |
_aSzenajch, Wiesław _d(1931- ) _eAutor |
|
| 245 | 1 | 0 |
_aNapęd i sterowanie pneumatyczne / _cWiesław Szenajch. |
| 260 |
_aWarszawa : _bWydawnictwa Naukowo-Techniczne, _c1992. |
||
| 300 |
_a338, [6] s. : _brys., wykr. ; _c24 cm. |
||
| 380 | _aKsiążki | ||
| 388 | _a1901-2000 | ||
| 388 | _a1989-2000 | ||
| 490 | 1 | _aPodręczniki Akademickie. Mechanika. | |
| 504 | _aBibliogr. s. 338-339. | ||
| 521 | _aDla studentów wydz. mechanicznych wyższych szkół technicznych do przedmiotów pneumatyka maszyn technologicznych, automatyka procesów technologicznych i automatyka przemysłowa. | ||
| 650 | 4 | _aSterowanie | |
| 650 | 4 | _aNapęd pneumatyczny | |
| 650 | 4 | _aMaszyny i narzędzia pneumatyczne | |
| 655 | 4 | _aPodręczniki akademickie | |
| 658 | _aInżynieria i technika | ||
| 710 | 2 |
_aWydawnictwa Naukowo-Techniczne _4pbl. |
|
| 830 | 0 |
_aPodręczniki Akademickie. _pMechanika |
|
| 856 |
_uhttp://koha.tu.koszalin.pl/cgi-bin/koha/opac-detail.pl?biblionumber=5364 _yKatalog online BPK |
||
| 942 |
_2UKD _cKS |
||
| 999 |
_c5364 _d5364 |
||